[Event "zonal 1.6"]
[Site "Samara RUS"]
[Date "2000.06.21"]
[Round "5"]
[White "Ikonnikov, Viacheslav"]
[Black "Smikovsky, Ivan"]
[Result "1-0"]
[WhiteElo "2550"]
[BlackElo "2492"]
[EventDate "2000.06.03"]
[PlyCount "119"]

1.d4 Nf6 2.c4 g6 3.Nc3 d5 4.cxd5 Nxd5 5.e4 Nxc3 6.bxc3 Bg7 7.Be3 c5 8.Rc1 
Qa5 9.Qd2 cxd4 10.cxd4 Qxd2+ 11.Kxd2 O-O 12.Nf3 Nc6 13.Bb5 Rd8 14.Bxc6 
bxc6 15.Rc5 f5 16.exf5 Bxf5 17.Ne5 Bxe5 18.Rxe5 Rab8 19.Kc3 Rb7 20.Bg5 
Rdb8 21.Rhe1 Rb2 22.R1e2 Rxe2 23.Rxe2 e6 24.a4 Kf7 25.Re5 Bb1 26.Re2 Rb7 
27.f3 Rb8 28.Bf4 Rb7 29.Bd6 g5 30.Re5 Rd7 31.Bb4 Rd5 32.Re2 Bf5 33.Bc5 e5 
34.Bxa7 exd4+ 35.Bxd4 c5 36.Be5 Rd3+ 37.Kb2 Rd7 38.a5 Bd3 39.Re1 Ra7 40.
Bc3 Rb7+ 41.Kc1 Rb1+ 42.Kd2 Rxe1 43.Kxe1 h5 44.Bd2 g4 45.Be3 Ba6 46.Bxc5 
Ke6 47.Kf2 Kf5 48.h4 Bb5 49.Bd6 Ba6 50.Bb8 Bb5 51.Ke3 Bf1 52.fxg4+ Kxg4 
53.g3 Kf5 54.Kd4 Ke6 55.Kc5 Kd7 56.Kb6 Be2 57.a6 Bf1 58.a7 Bg2 59.Be5 Ke6 
60.Bd4 1-0

[Event "zonal 1.6"]
[Site "Samara RUS"]
[Date "2000.06.21"]
[Round "5"]
[White "Voitsekhovsky, Stanislav"]
[Black "Zakharevich, Igor"]
[Result "1/2-1/2"]
[WhiteElo "2546"]
[BlackElo "2486"]
[EventDate "2000.06.03"]
[PlyCount "28"]

1.e4 e6 2.d4 d5 3.Nc3 dxe4 4.Nxe4 Nd7 5.Nf3 Ngf6 6.Bg5 Be7 7.Nxf6+ Bxf6 8.
h4 c5 9.Qd2 cxd4 10.O-O-O O-O 11.Nxd4 Qb6 12.Rh3 e5 13.Nb3 Nc5 14.Bxf6 
Nxb3+ 1/2-1/2

[Event "zonal 1.6"]
[Site "Samara RUS"]
[Date "2000.06.21"]
[Round "5"]
[White "Yakovich, Yury"]
[Black "Riazantsev, Alexander"]
[Result "1/2-1/2"]
[WhiteElo "2580"]
[BlackElo "2442"]
[EventDate "2000.06.03"]
[PlyCount "90"]

1.c4 e5 2.Nc3 Nc6 3.Nf3 Nf6 4.g3 g6 5.d4 exd4 6.Nxd4 Bg7 7.Nxc6 bxc6 8.Bg2
O-O 9.O-O Rb8 10.Qa4 a6 11.Qa5 Re8 12.b3 Bb7 13.Bf4 d6 14.Rac1 Nd7 15.Rc2 
Nc5 16.Bc1 Ne6 17.e3 Qg5 18.Qxg5 Nxg5 19.c5 d5 20.Bb2 a5 21.Rd1 Ba6 22.Na4
Bxb2 23.Nxb2 Rb4 24.Bf1 Bxf1 25.Kxf1 Kg7 26.Ke2 h5 27.h4 Ne6 28.Kd2 f6 29.
Nd3 Rb5 30.Re1 Kf7 31.Rc3 Rd8 32.Kc2 Rd7 33.Kb2 Rd8 34.Rc2 Nf8 35.Rd1 Re8 
36.a4 Rb7 37.Nf4 Reb8 38.Rc3 Rb4 39.Kc2 Ne6 40.Ne2 g5 41.Nd4 Nxd4+ 42.exd4
Re8 43.Re3 Rxe3 44.fxe3 g4 45.Rf1 Ke6 1/2-1/2

[Event "zonal 1.6"]
[Site "Samara RUS"]
[Date "2000.06.21"]
[Round "5"]
[White "Frolov, Denis"]
[Black "Dvoirys, Semen"]
[Result "0-1"]
[WhiteElo "2428"]
[BlackElo "2591"]
[EventDate "2000.06.03"]
[PlyCount "126"]

1.e4 c5 2.Nf3 d6 3.d4 cxd4 4.Nxd4 Nf6 5.Nc3 a6 6.Bc4 e6 7.Bb3 Nbd7 8.f4 
Nc5 9.Qf3 Be7 10.O-O O-O 11.Be3 Nfd7 12.g4 Re8 13.g5 Bf8 14.Qh5 g6 15.Qh3 
Bg7 16.Rad1 b5 17.f5 Nxb3 18.axb3 exf5 19.exf5 Bb7 20.f6 Bf8 21.Nde2 Qc8 
22.Nf4 Nxf6 23.Qxc8 Raxc8 24.gxf6 Rxe3 25.Ncd5 Re5 26.Rfe1 Rce8 27.Rxe5 
dxe5 28.Nc7 Rc8 29.Nfd5 Bc5+ 30.Kf1 Kf8 31.b4 Bd6 32.Rd3 Bxd5 33.Nxd5 Ke8 
34.c3 Rc6 35.Ke2 Kd7 36.Kf3 Ke6 37.b3 Kf5 38.Ke3 Rc8 39.Rd1 e4 40.Rf1+ Ke5
41.Rd1 Bb8 42.Kf2 Ba7+ 43.Ke2 Rc6 44.Rd2 h5 45.h4 Bb6 46.c4 Bd4 47.Rc2 Ke6
48.Ne7 Rd6 49.c5 Rd7 50.Nc6 Bxf6 51.Nb8 Ra7 52.c6 Be5 53.Nd7 Bf4 54.Nc5+ 
Kd5 55.Nb7 Ra8 56.c7 Rc8 57.Rc5+ Ke6 58.Rc6+ Kf5 59.Rxa6 Rxc7 60.Nc5 Rc8 
61.Ra5 Rd8 62.Rxb5 Rd2+ 63.Ke1 e3 0-1

[Event "zonal 1.6"]
[Site "Samara RUS"]
[Date "2000.06.21"]
[Round "5"]
[White "Shaposhnikov, Evgeny"]
[Black "Yevseev, Denis"]
[Result "1/2-1/2"]
[WhiteElo "2503"]
[BlackElo "2496"]
[EventDate "2000.06.03"]
[PlyCount "23"]

1.e4 c6 2.d4 d5 3.Nd2 dxe4 4.Nxe4 Bf5 5.Ng3 Bg6 6.Nf3 Nf6 7.h4 h6 8.h5 Bh7
9.Bd3 Bxd3 10.Qxd3 e6 11.Bf4 Bd6 12.Bxd6 1/2-1/2

[Event "zonal 1.6"]
[Site "Samara RUS"]
[Date "2000.06.21"]
[Round "5"]
[White "Bezgodov, Alexei"]
[Black "Tolstikh, Nikolai"]
[Result "1-0"]
[WhiteElo "2576"]
[BlackElo "2419"]
[EventDate "2000.06.03"]
[PlyCount "160"]

1.e4 c5 2.Nf3 Nc6 3.d4 cxd4 4.Nxd4 Nf6 5.Nc3 e5 6.Ndb5 d6 7.Bg5 a6 8.Na3 
b5 9.Bxf6 gxf6 10.Nd5 f5 11.Bd3 Be6 12.Qh5 Rg8 13.g3 Rg5 14.Qd1 Bxd5 15.
exd5 Ne7 16.c3 e4 17.f4 Rg8 18.Be2 Qb6 19.Nc2 Bg7 20.Qd2 Bf6 21.a3 Kf8 22.
Kf1 Kg7 23.Kg2 Rgc8 24.Rhg1 a5 25.Kh1 Rg8 26.Bh5 Qc5 27.Rad1 Kf8 28.Rg2 
Rb8 29.h3 Ng6 30.Qe1 Qc8 31.Qg1 Bd8 32.Be2 Qb7 33.Qd4 Qd7 34.b4 Bb6 35.Qd2
Ne7 36.Nd4 Ba7 37.bxa5 Bc5 38.Nb3 Ba7 39.c4 bxc4 40.Bxc4 Qa4 41.Qc3 Qxa3 
42.a6 Qb4 43.Rc2 Qxc3 44.Rxc3 Kg7 45.Na5 Rb2 46.Rb3 Rxb3 47.Bxb3 Kf6 48.
Kg2 Rc8 49.Nb7 Rc3 50.Rb1 Nc8 51.Na5 Bc5 52.Nc6 Rd3 53.Bc4 Rd2+ 54.Kf1 Rc2
55.Be2 Ra2 56.Nb8 Bd4 57.Nd7+ Ke7 58.Nb8 Kf6 59.g4 Nb6 60.Rxb6 Ra1+ 61.Kg2
Ra2 62.Rxd6+ Kg7 63.Nc6 Bc5 64.Rd8 Rxe2+ 65.Kf1 Rf2+ 66.Ke1 Ra2 67.d6 Ra1+
68.Kd2 Ra2+ 69.Kd1 Ra1+ 70.Kc2 Rxa6 71.d7 Rxc6 72.Rc8 Rd6 73.d8=Q Rxd8 74.
Rxd8 fxg4 75.hxg4 Be3 76.f5 Bg5 77.Re8 e3 78.Kd3 h6 79.Ke2 Kf6 80.Ra8 Ke5 
1-0

[Event "zonal 1.6"]
[Site "Samara RUS"]
[Date "2000.06.21"]
[Round "5"]
[White "Aseev, Konstantin"]
[Black "Meister, Yakov"]
[Result "1-0"]
[WhiteElo "2517"]
[BlackElo "2473"]
[EventDate "2000.06.03"]
[PlyCount "83"]

1.e4 e5 2.Nf3 Nc6 3.Bb5 a6 4.Ba4 Nf6 5.O-O Be7 6.Re1 d6 7.Bxc6+ bxc6 8.d4 
Nd7 9.dxe5 Nxe5 10.Nxe5 dxe5 11.Qxd8+ Kxd8 12.Nc3 Be6 13.Be3 Rb8 14.b3 Kc8
15.Na4 Rd8 16.Ba7 Ra8 17.Bc5 Bg5 18.Red1 Kb7 19.Bb4 Bg4 20.f3 Be3+ 21.Kf1 
Be6 22.Ke2 Bb6 23.Rxd8 Rxd8 24.Rd1 Re8 25.c4 f5 26.c5 Ba7 27.h3 g5 28.Bc3 
g4 29.hxg4 fxe4 30.Rh1 exf3+ 31.gxf3 e4 32.Rxh7 exf3+ 33.Kxf3 Bd5+ 34.Kf2 
Rf8+ 35.Ke1 Re8+ 36.Kd2 Bf3 37.g5 Re2+ 38.Kd3 Rxa2 39.Be5 Bb8 40.g6 Bd5 
41.Nc3 Rg2 42.Nxd5 1-0

[Event "zonal 1.6"]
[Site "Samara RUS"]
[Date "2000.06.21"]
[Round "5"]
[White "Smirnov, Pavel"]
[Black "Volzhin, Alexander"]
[Result "1-0"]
[WhiteElo "2426"]
[BlackElo "2548"]
[EventDate "2000.06.03"]
[PlyCount "55"]

1.e4 c6 2.d4 d5 3.e5 Bf5 4.Nc3 e6 5.g4 Bg6 6.Nge2 Ne7 7.Nf4 c5 8.dxc5 Nec6
9.h4 Qc7 10.Bg2 Qxe5+ 11.Nce2 Bxc5 12.h5 Be4 13.f3 Nd7 14.fxe4 dxe4 15.Ng3
Nf6 16.c3 Rd8 17.Qe2 e3 18.Qf3 O-O 19.Ne4 Bb6 20.h6 g6 21.Nd3 Rxd3 22.Qxf6
Rfd8 23.Bf3 Kf8 24.Qxe5 Nxe5 25.Be2 R3d7 26.g5 Nd3+ 27.Bxd3 Rxd3 28.Ke2 
1-0

[Event "zonal 1.6"]
[Site "Samara RUS"]
[Date "2000.06.21"]
[Round "5"]
[White "Varavin, Viktor"]
[Black "Fominykh, Alexander"]
[Result "0-1"]
[WhiteElo "2410"]
[BlackElo "2551"]
[EventDate "2000.06.03"]
[PlyCount "80"]

1.e4 c5 2.Nf3 Nc6 3.d4 cxd4 4.Nxd4 e6 5.Nc3 Qc7 6.Be2 a6 7.O-O Bc5 8.Be3 
Nce7 9.e5 b6 10.Bf3 Rb8 11.Re1 Ng6 12.Ne4 Bb7 13.b4 Bxe4 14.bxc5 Bxf3 15.
Nxf3 bxc5 16.Qd3 Qc6 17.h4 h5 18.Qa3 N8e7 19.Bxc5 Rc8 20.Bxe7 Nxe7 21.Rad1
Nf5 22.Nd4 Nxd4 23.Rxd4 Qc3 24.Qxc3 Rxc3 25.Rd6 Rxc2 26.Rxa6 O-O 27.Re3 f6
28.Ra7 Rd2 29.exf6 Rxf6 30.Rg3 Rd1+ 31.Kh2 Rxf2 32.Rg5 Rdd2 33.a4 Kf7 34.
a5 g6 35.a6 Rf4 36.Ra5 Rxh4+ 37.Kg1 Rg4 38.Rb7 Rgxg2+ 39.Kh1 Ra2 40.Rxd7+ 
Kf6 0-1

[Event "zonal 1.6"]
[Site "Samara RUS"]
[Date "2000.06.21"]
[Round "5"]
[White "Scherbakov, Ruslan"]
[Black "Kornev, Alexei"]
[Result "0-1"]
[WhiteElo "2552"]
[BlackElo "2384"]
[EventDate "2000.06.03"]
[PlyCount "120"]

1.d4 g6 2.e4 Bg7 3.Nc3 d6 4.Bg5 Nc6 5.Bb5 Bd7 6.Nf3 h6 7.Be3 a6 8.Bxc6 
Bxc6 9.d5 Bd7 10.h3 Nf6 11.e5 dxe5 12.Nxe5 Bf5 13.Bf4 O-O 14.O-O g5 15.Bg3
e6 16.dxe6 fxe6 17.Qe2 Qe8 18.Rad1 Rc8 19.Bh2 b5 20.a3 c5 21.Ng4 Qg6 22.
Ne5 Qe8 23.Ng4 Qg6 24.Ne3 b4 25.Na4 bxa3 26.bxa3 Nd5 27.Nxd5 exd5 28.Rxd5 
c4 29.Nc5 Qf7 30.Rfd1 Bd3 31.Qe6 Bxc2 32.Rd7 Qxe6 33.Nxe6 Bb2 34.R1d2 Rfe8
35.R7d6 Bf5 36.Rxb2 c3 37.Rb7 Rxe6 38.Rxe6 Bxe6 39.Be5 c2 40.Bb2 c1=Q+ 41.
Bxc1 Rxc1+ 42.Kh2 Rc6 43.Ra7 Bf7 44.f3 Kg7 45.Kg3 Kg6 46.Rb7 h5 47.h4 
gxh4+ 48.Kxh4 Rc4+ 49.g4 hxg4 50.fxg4 Ra4 51.Rb6+ Kg7 52.Kg5 Rxa3 53.Kf5 
a5 54.Ra6 a4 55.g5 Ra1 56.g6 a3 57.gxf7 a2 58.Ra8 Kxf7 59.Ra7+ Ke8 60.Kf6 
Rf1+ 0-1

[Event "zonal 1.6"]
[Site "Samara RUS"]
[Date "2000.06.21"]
[Round "5"]
[White "Sergienko, Sergei"]
[Black "Bocharov, Dmitry"]
[Result "1-0"]
[WhiteElo "2425"]
[BlackElo "2475"]
[EventDate "2000.06.03"]
[PlyCount "71"]

1.d4 Nf6 2.c4 e6 3.Nc3 Bb4 4.Qc2 c5 5.dxc5 Qc7 6.a3 Bxc5 7.Nf3 a6 8.Bg5 
Be7 9.e3 d6 10.Be2 Nbd7 11.O-O b6 12.Rfd1 Bb7 13.Rac1 O-O 14.h3 Rac8 15.b3
Rfd8 16.Qb2 h6 17.Bf4 Nc5 18.Nd2 Qb8 19.Qb1 Qa8 20.Bf3 Bxf3 21.Nxf3 e5 22.
Bh2 e4 23.Ne1 Qb7 24.b4 Ncd7 25.Rd4 b5 26.Nxe4 Nxe4 27.Qxe4 Qxe4 28.Rxe4 
Kf8 29.Rd4 Nb6 30.c5 dxc5 31.Rxd8+ Rxd8 32.Bc7 Nc4 33.Bxd8 Bxd8 34.Nd3 a5 
35.bxa5 Bxa5 36.a4 1-0

[Event "zonal 1.6"]
[Site "Samara RUS"]
[Date "2000.06.21"]
[Round "5"]
[White "Sidorov, Anatoly"]
[Black "Makarov, Marat"]
[Result "0-1"]
[WhiteElo "2339"]
[BlackElo "2513"]
[EventDate "2000.06.03"]
[PlyCount "80"]

1.c4 e5 2.Nc3 Nf6 3.Nf3 Nc6 4.g3 d5 5.cxd5 Nxd5 6.d3 Be7 7.Bg2 Nb6 8.O-O 
O-O 9.a3 Be6 10.b4 f6 11.Ne4 Qd7 12.Rb1 Rab8 13.Qc2 a6 14.Be3 Nd5 15.Bc5 
Bd6 16.Ned2 b6 17.Bxd6 cxd6 18.e4 Nde7 19.d4 exd4 20.Nb3 Rbc8 21.Qd3 b5 
22.Rfd1 Bc4 23.Qd2 d3 24.Nc1 Ne5 25.Ne1 N7c6 26.Ncxd3 Qa7 27.Nf4 Bf7 28.
Nd5 Nc4 29.Qa2 Bh5 30.Bf3 Bg6 31.a4 Qf7 32.axb5 axb5 33.Nf4 N6e5 34.Bg2 
Ra8 35.Qe2 Ra3 36.Ra1 Rfa8 37.Rxa3 Rxa3 38.h4 Qa7 39.Nxg6 hxg6 40.Rc1 Rxg3
0-1

[Event "zonal 1.6"]
[Site "Samara RUS"]
[Date "2000.06.21"]
[Round "5"]
[White "Yashtylov, Anatoly"]
[Black "Lugovoi, Alexei"]
[Result "0-1"]
[WhiteElo "2319"]
[BlackElo "2515"]
[EventDate "2000.06.03"]
[PlyCount "92"]

1.d4 Nf6 2.c4 g6 3.Nf3 Bg7 4.g3 O-O 5.Bg2 d6 6.O-O c6 7.Nc3 Bf5 8.Ne1 Be6 
9.Qd3 d5 10.cxd5 cxd5 11.Bg5 Nc6 12.Bxf6 Bxf6 13.e3 Qa5 14.Qe2 Rad8 15.Nd3
Bc8 16.Qf3 Bg7 17.Nxd5 e5 18.Nxe5 Nxe5 19.dxe5 Bxe5 20.b4 Qa6 21.Rad1 Kg7 
22.Qe4 Rfe8 23.Qc2 Bf5 24.Qb3 Bd7 25.Rc1 Ba4 26.Qb1 Qe2 27.Rce1 Qb2 28.
Qxb2 Bxb2 29.Rb1 Ba3 30.Nc3 Bc2 31.Nd5 Bxb1 32.Rxb1 Rc8 33.Rb3 Bc1 34.b5 
Bd2 35.Rb2 Rc1+ 36.Bf1 Ba5 37.Kg2 Rec8 38.Bd3 Rd1 39.Be4 Rd2 40.Rb3 Rxa2 
41.b6 axb6 42.Nxb6 Rc1 43.Nd7 Be1 44.Rxb7 Bxf2 45.Bd5 Rd2 46.Nb6 Bxe3+ 0-1

[Event "zonal 1.6"]
[Site "Samara RUS"]
[Date "2000.06.21"]
[Round "5"]
[White "Lastin, Alexander"]
[Black "Sultanov, Alexander"]
[Result "1/2-1/2"]
[WhiteElo "2510"]
[BlackElo "2294"]
[EventDate "2000.06.03"]
[PlyCount "53"]

1.e4 c5 2.Nf3 Nc6 3.Nc3 g6 4.d4 cxd4 5.Nxd4 Bg7 6.Be3 Nf6 7.Bc4 O-O 8.Bb3 
a5 9.a4 Ng4 10.Qxg4 Nxd4 11.Qd1 Nxb3 12.cxb3 d6 13.Bd4 Bxd4 14.Qxd4 Be6 
15.b4 Rc8 16.b5 Rc4 17.Qd2 Qb6 18.O-O Qd4 19.Qh6 Rb4 20.Rfd1 Qg7 21.Qd2 
Bb3 22.Re1 Qd4 23.Qg5 Qe5 24.Qe3 Qd4 25.Qf3 Qe5 26.Re2 Rc8 27.Qe3 1/2-1/2

[Event "zonal 1.6"]
[Site "Samara RUS"]
[Date "2000.06.21"]
[Round "5"]
[White "Tunik, Gennady"]
[Black "Belitsky, Alexander"]
[Result "1-0"]
[WhiteElo "2442"]
[BlackElo "2306"]
[EventDate "2000.06.03"]
[PlyCount "61"]

1.d4 Nf6 2.c4 e6 3.Nc3 Bb4 4.Qc2 c5 5.dxc5 O-O 6.a3 Bxc5 7.Nf3 h6 8.Bf4 
Nc6 9.Rd1 e5 10.Bc1 a5 11.e3 d6 12.Be2 Bg4 13.O-O Rc8 14.b3 Qd7 15.Bb2 
Rfe8 16.Nd2 Bxe2 17.Nxe2 Qg4 18.Ng3 Qe6 19.Nde4 Ne7 20.Qd2 Nxe4 21.Nxe4 a4
22.b4 Qxc4 23.bxc5 Qxe4 24.cxd6 Rc2 25.d7 Rd8 26.Qd6 Nc6 27.Ba1 Qf5 28.Qc7
Kh7 29.Qxb7 Nb8 30.Qb1 Rxd7 31.Rc1 1-0

[Event "zonal 1.6"]
[Site "Samara RUS"]
[Date "2000.06.21"]
[Round "5"]
[White "Grechikhin, Valery"]
[Black "Utnasunov, Alexander"]
[Result "1/2-1/2"]
[WhiteElo "2521"]
[BlackElo "2175"]
[EventDate "2000.06.03"]
[PlyCount "50"]

1.c4 Nf6 2.Nf3 c6 3.b3 d5 4.Bb2 Bf5 5.d3 e6 6.Nbd2 Bd6 7.Qc2 Nbd7 8.e4 
dxe4 9.dxe4 Bg6 10.Nh4 Qc7 11.g3 O-O-O 12.Bg2 Bh5 13.Bf3 Bxf3 14.Nhxf3 Ne5
15.O-O-O c5 16.Nxe5 Bxe5 17.f4 Bxb2+ 18.Qxb2 Qc6 19.Rhe1 Rd4 20.Qc2 Rhd8 
21.e5 Ng4 22.Nf1 Qf3 23.Nd2 Qf2 24.Nf1 Qf3 25.Nd2 Qf2 1/2-1/2

[Event "zonal 1.6"]
[Site "Samara RUS"]
[Date "2000.06.22"]
[Round "6"]
[White "Rustemov, Alexander"]
[Black "Dolmatov, Sergei"]
[Result "1/2-1/2"]
[WhiteElo "2553"]
[BlackElo "2615"]
[EventDate "2000.06.03"]
[PlyCount "24"]

1.d4 Nf6 2.c4 g6 3.Nf3 Bg7 4.g3 c6 5.Bg2 d5 6.cxd5 cxd5 7.O-O O-O 8.Ne5 e6
9.Nc3 Nfd7 10.f4 Nc6 11.Be3 Nb6 12.Bf2 Ne7 1/2-1/2

[Event "zonal 1.6"]
[Site "Samara RUS"]
[Date "2000.06.22"]
[Round "6"]
[White "Ikonnikov, Viacheslav"]
[Black "Volkov, Sergei"]
[Result "1/2-1/2"]
[WhiteElo "2550"]
[BlackElo "2582"]
[EventDate "2000.06.03"]
[PlyCount "82"]

1.d4 d5 2.Nf3 Nf6 3.c4 c6 4.Nc3 a6 5.c5 Nbd7 6.Bf4 Nh5 7.e3 g6 8.b4 Bg7 9.
Rc1 f6 10.Bg3 Nxg3 11.hxg3 e5 12.dxe5 f5 13.Ne2 Qe7 14.Ned4 O-O 15.Be2 
Nxe5 16.Nxe5 Bxe5 17.Qd2 Bd7 18.a4 Rfe8 19.O-O h5 20.b5 axb5 21.axb5 Ra3 
22.bxc6 bxc6 23.Nf3 Bg7 24.Rc2 Rb8 25.Rfc1 Qd8 26.Ra2 Rxa2 27.Qxa2 Rb2 28.
Qa6 Qc8 29.Qxc8+ Bxc8 30.Ra1 Bd7 31.Ra7 Be8 32.Ba6 Bf6 33.Bc8 Rb5 34.Ra8 
Kf7 35.Ra7+ Kf8 36.Nd4 Bxd4 37.exd4 Rb1+ 38.Kh2 Rb4 39.Bd7 Bxd7 40.Rxd7 
Rxd4 41.Rd6 Kf7 1/2-1/2

[Event "zonal 1.6"]
[Site "Samara RUS"]
[Date "2000.06.22"]
[Round "6"]
[White "Tregubov, Pavel"]
[Black "Iliushin, Alexei"]
[Result "0-1"]
[WhiteElo "2615"]
[BlackElo "2515"]
[EventDate "2000.06.03"]
[PlyCount "66"]

1.d4 e6 2.c4 f5 3.g3 Nf6 4.Bg2 c6 5.Nf3 d5 6.O-O Bd6 7.Bf4 Bxf4 8.gxf4 O-O
9.Nbd2 Bd7 10.Qb3 Qb6 11.Rfc1 Be8 12.Qe3 Bf7 13.Rab1 Qb4 14.a3 Qe7 15.b4 
a6 16.a4 Nbd7 17.c5 Ne4 18.Nb3 Bh5 19.Na5 Ra7 20.Rb2 Bxf3 21.Qxf3 g5 22.e3
Kh8 23.fxg5 Nxg5 24.Qf4 e5 25.dxe5 Nxe5 26.h4 Ne4 27.Rd1 Ng6 28.Qh6 Nxh4 
29.f3 Ng5 30.Kh1 Nhxf3 31.Bxf3 Nxf3 32.Rf1 Ne5 33.Qh5 Ng4 0-1

[Event "zonal 1.6"]
[Site "Samara RUS"]
[Date "2000.06.22"]
[Round "6"]
[White "Dvoirys, Semen"]
[Black "Rashkovsky, Nukhim"]
[Result "1/2-1/2"]
[WhiteElo "2591"]
[BlackElo "2523"]
[EventDate "2000.06.03"]
[PlyCount "56"]

1.e4 c5 2.Nf3 d6 3.d4 cxd4 4.Nxd4 Nf6 5.Nc3 a6 6.Bd3 g6 7.O-O Bg7 8.Nde2 
O-O 9.Nf4 e6 10.Re1 Nbd7 11.Bf1 Qc7 12.Nd3 b6 13.Bf4 Bb7 14.e5 dxe5 15.
Nxe5 Nxe5 16.Bxe5 Qc6 17.Qd4 Rad8 18.Qh4 Nd5 19.Bxg7 Kxg7 20.Rad1 Nf6 21.
Rd4 Rxd4 22.Qxd4 Rc8 23.a4 Qc5 24.Rd1 Qxd4 25.Rxd4 a5 26.Rd6 Rc6 27.Rd8 
Rc8 28.Rd6 Rc6 1/2-1/2

[Event "zonal 1.6"]
[Site "Samara RUS"]
[Date "2000.06.22"]
[Round "6"]
[White "Fominykh, Alexander"]
[Black "Poluliakhov, Alexander"]
[Result "1-0"]
[WhiteElo "2551"]
[BlackElo "2526"]
[EventDate "2000.06.03"]
[PlyCount "85"]

1.d4 Nf6 2.Nf3 e6 3.c4 b6 4.g3 Ba6 5.Qb3 Nc6 6.Bd2 Bb7 7.d5 Ne7 8.dxe6 
fxe6 9.Bg2 Nf5 10.O-O Bc5 11.Bc3 Ne4 12.Nbd2 O-O 13.Nxe4 Bxe4 14.Rad1 a5 
15.Qa4 d6 16.a3 Qc8 17.Ng5 Bxg2 18.Kxg2 h6 19.Nf3 Qb7 20.Qc2 a4 21.Qd3 Rf7
22.Kg1 Raf8 23.Nd4 e5 24.Ne6 Re8 25.Qd5 c6 26.Nxc5 bxc5 27.Qe4 Qc8 28.e3 
Rf6 29.Rfe1 Ree6 30.Qc2 Rf7 31.Qe4 Ne7 32.Re2 d5 33.cxd5 cxd5 34.Qxa4 e4 
35.Red2 Rf5 36.Rf1 Ng6 37.Qd1 Qb7 38.f4 d4 39.exd4 e3 40.d5 Re8 41.Re2 
Rxd5 42.Qc2 Qc6 43.Rfe1 1-0

[Event "zonal 1.6"]
[Site "Samara RUS"]
[Date "2000.06.22"]
[Round "6"]
[White "Yevseev, Denis"]
[Black "Naer, Evgeny"]
[Result "1/2-1/2"]
[WhiteElo "2496"]
[BlackElo "2572"]
[EventDate "2000.06.03"]
[PlyCount "134"]

1.d4 d5 2.c4 c6 3.Nf3 Nf6 4.Qb3 dxc4 5.Qxc4 Bg4 6.Nbd2 Nbd7 7.g3 e6 8.Bg2 
Be7 9.O-O Bh5 10.Qb3 Nb6 11.a4 a5 12.Nb1 O-O 13.Rd1 Nbd5 14.Nc3 Ra6 15.e3 
Qb6 16.Qxb6 Rxb6 17.Re1 Bb4 18.Bd2 Bxc3 19.Bxc3 Nxc3 20.bxc3 Ne4 21.g4 Bg6
22.Ne5 Nxc3 23.Nd7 Rb2 24.Nxf8 Kxf8 25.Bf3 Bc2 26.Rec1 Na2 27.Re1 Bxa4 28.
Reb1 Rxb1+ 29.Rxb1 Bb5 30.Ra1 Bc4 31.Be2 Bd5 32.e4 Bb3 33.Kf1 e5 34.dxe5 
c5 35.Ke1 c4 36.Kd2 g5 37.Ke3 c3 38.Bd3 Ke7 39.Kd4 b5 40.Bb1 b4 41.Bxa2 
Bxa2 42.Kd3 c2 43.Kxc2 a4 44.Kb2 Bb3 45.Rc1 Be6 46.Rc7+ Kf8 47.Ra7 a3+ 48.
Ka1 a2 49.Ra8+ Kg7 50.h3 b3 51.Kb2 h6 52.Rd8 Kg6 53.Rd3 h5 54.gxh5+ Kxh5 
55.Rg3 Kh4 56.Rf3 Bc4 57.Ka1 Be6 58.Kb2 Bc4 59.Rg3 Be6 60.Rd3 g4 61.hxg4 
Kxg4 62.Re3 Kf4 63.Ka1 Kxe5 64.Kb2 Bc4 65.Ka1 Kd4 66.Kb2 Bd3 67.Re1 Bc2 
1/2-1/2

[Event "zonal 1.6"]
[Site "Samara RUS"]
[Date "2000.06.22"]
[Round "6"]
[White "Yakovenko, Dmitry"]
[Black "Shariazdanov, Andrei"]
[Result "0-1"]
[WhiteElo "2443"]
[BlackElo "2612"]
[EventDate "2000.06.03"]
[PlyCount "120"]

1.e4 c5 2.Nf3 Nc6 3.Bb5 e6 4.Bxc6 bxc6 5.d3 Ne7 6.Qe2 f6 7.Nh4 g6 8.O-O 
Bg7 9.f4 O-O 10.Nf3 e5 11.fxe5 fxe5 12.Be3 d6 13.Nbd2 h6 14.a3 a5 15.a4 g5
16.h4 g4 17.Nh2 Rxf1+ 18.Rxf1 g3 19.Ng4 Ng6 20.h5 Qh4 21.hxg6 Bxg4 22.Nf3 
Qh2+ 23.Nxh2 Bxe2 24.Nf3 Bxf1 25.Kxf1 Bf8 26.Bd2 h5 27.Nh4 Kg7 28.Ke2 Ra7 
29.Nf5+ Kxg6 30.Nxg3 d5 31.Nf5 Rb7 32.Bxa5 Rxb2 33.Ne3 dxe4 34.dxe4 Ra2 
35.Bc3 Rxa4 36.Kd3 Bg7 37.Nf5 c4+ 38.Ke2 Bf6 39.Be1 Bd8 40.Bc3 Kf6 41.Be1 
Bb6 42.Bh4+ Kf7 43.Bg5 Bc5 44.Bd2 Ra2 45.Kd1 Ra1+ 46.Ke2 Rg1 47.Nh4 Rb1 
48.Nf3 Ke6 49.Ng5+ Kf6 50.Nf3 Bd4 51.Bg5+ Ke6 52.Bd2 Rb2 53.Kd1 c3 54.Bg5 
c5 55.Ne1 c4 56.Ke2 Bc5 57.Bd8 Ra2 58.Bg5 Be7 59.Bh6 Bh4 60.Nf3 Bg3 0-1

[Event "zonal 1.6"]
[Site "Samara RUS"]
[Date "2000.06.22"]
[Round "6"]
[White "Zakharevich, Igor"]
[Black "Burmakin, Vladimir"]
[Result "1-0"]
[WhiteElo "2486"]
[BlackElo "2567"]
[EventDate "2000.06.03"]
[PlyCount "103"]

1.d4 d5 2.Nf3 Nf6 3.c4 c6 4.Nc3 a6 5.a4 e6 6.Bg5 Nbd7 7.cxd5 exd5 8.e3 Qa5
9.Bd3 Ne4 10.O-O Nxg5 11.Nxg5 Nf6 12.Qc2 h6 13.Nf3 Bd6 14.h3 Qc7 15.Nd2 
O-O 16.Rab1 Bd7 17.b4 a5 18.bxa5 Rxa5 19.Rfc1 Rb8 20.f4 Re8 21.Re1 Rc8 22.
Nb3 Raa8 23.Nc5 Bxc5 24.dxc5 Qa5 25.Ne2 Rcb8 26.Ra1 b5 27.axb5 Qxa1 28.
Rxa1 Rxa1+ 29.Kh2 cxb5 30.c6 Bc8 31.Qb2 Raa8 32.Qe5 Ba6 33.Nd4 Re8 34.Qd6 
Rxe3 35.c7 Ree8 36.Nf5 Ne4 37.Qxd5 Nf6 38.Qd6 Bb7 39.Qb6 Bc8 40.Nd6 Rf8 
41.Qc5 Ra2 42.Bf1 Be6 43.c8=Q Bxc8 44.Nxc8 Rd8 45.Nd6 Kh8 46.Bxb5 Rb2 47.
Qc7 Rf8 48.Bc6 Rd2 49.Nf5 Kh7 50.Qe7 Rdd8 51.Nd6 Kg8 52.Nxf7 1-0

[Event "zonal 1.6"]
[Site "Samara RUS"]
[Date "2000.06.22"]
[Round "6"]
[White "Kharlov, Andrei"]
[Black "Smirnov, Pavel"]
[Result "1-0"]
[WhiteElo "2616"]
[BlackElo "2426"]
[EventDate "2000.06.03"]
[PlyCount "87"]

1.d4 Nf6 2.c4 g6 3.g3 Bg7 4.Bg2 O-O 5.Nc3 d6 6.Nf3 Nbd7 7.O-O e5 8.b3 Re8 
9.h3 c6 10.e4 exd4 11.Nxd4 Nc5 12.Re1 a5 13.Rb1 a4 14.b4 Ncd7 15.Be3 Nf8 
16.f4 Bd7 17.a3 Qc8 18.Kh2 h5 19.Qd2 Re7 20.c5 dxc5 21.bxc5 h4 22.g4 Qc7 
23.e5 N6h7 24.Nf3 g5 25.Qd6 Qd8 26.f5 Qe8 27.Bf2 Bxf5 28.gxf5 Rd7 29.Ne4 
Rxd6 30.Nxd6 Qd8 31.Rxb7 g4 32.Bxh4 Qa5 33.hxg4 Qxc5 34.Nxf7 Ra7 35.Rxa7 
Qxa7 36.e6 Nf6 37.g5 Nd5 38.g6 Qc7+ 39.Bg3 Qe7 40.N3e5 Qf6 41.Ng4 Qe7 42.
Bxd5 cxd5 43.f6 Bxf6 44.Ngh6+ 1-0

[Event "zonal 1.6"]
[Site "Samara RUS"]
[Date "2000.06.22"]
[Round "6"]
[White "Smikovsky, Ivan"]
[Black "Sveshnikov, Evgeny"]
[Result "1/2-1/2"]
[WhiteElo "2492"]
[BlackElo "2541"]
[EventDate "2000.06.03"]
[PlyCount "73"]

1.e4 c5 2.Nf3 Nc6 3.d4 cxd4 4.Nxd4 e5 5.Nb5 d6 6.N1c3 a6 7.Na3 b5 8.Nd5 
Nce7 9.c4 Nxd5 10.exd5 bxc4 11.Nxc4 Nf6 12.Be3 Rb8 13.a4 Ng4 14.Bd2 f5 15.
Be2 Qh4 16.g3 Qh3 17.Bf1 Qh5 18.h3 Nf6 19.Qxh5+ Nxh5 20.a5 Nf6 21.Nb6 Bb7 
22.Bc4 Be7 23.O-O Bd8 24.Be3 Bxb6 25.axb6 Bxd5 26.Bxa6 Kf7 27.Rfd1 Ke6 28.
b7 Bxb7 29.Ba7 Bf3 30.Bxb8 Bxd1 31.Bxd6 Kxd6 32.Rxd1+ Kc5 33.Rc1+ Kb4 34.
Rc7 g6 35.Rb7+ Kc5 36.Rb5+ Kd4 37.Rb4+ 1/2-1/2

[Event "zonal 1.6"]
[Site "Samara RUS"]
[Date "2000.06.22"]
[Round "6"]
[White "Tunik, Gennady"]
[Black "Yakovich, Yury"]
[Result "0-1"]
[WhiteElo "2442"]
[BlackElo "2580"]
[EventDate "2000.06.03"]
[PlyCount "98"]

1.c4 e5 2.Nc3 Nf6 3.g3 d5 4.cxd5 Nxd5 5.Bg2 Nb6 6.Nf3 Nc6 7.a3 Be7 8.b4 
Be6 9.O-O O-O 10.d3 a5 11.b5 Nd4 12.Nd2 c6 13.bxc6 Nxc6 14.Nf3 a4 15.Be3 
Nd5 16.Nxd5 Bxd5 17.Qb1 Qd7 18.Rc1 Bf6 19.Bc5 Rfc8 20.e4 Be6 21.Be3 Na5 
22.Rxc8+ Rxc8 23.Qb4 Nb3 24.Rd1 b5 25.h4 Bg4 26.Bg5 Nd4 27.Nxd4 Bxd1 28.
Nf5 Bxg5 29.hxg5 Re8 30.Qc5 Bg4 31.Ne3 Be2 32.Kh2 Bxd3 33.Nf5 Bc4 34.f4 
exf4 35.gxf4 Qd2 36.Kg3 Qe1+ 37.Kh2 Qd2 38.Kg3 Qd3+ 39.Bf3 Qd8 40.Nd6 Qe7 
41.e5 Rb8 42.Bg4 Bb3 43.Qd4 b4 44.axb4 a3 45.b5 Qc7 46.Bf3 a2 47.Qa1 Qc2 
48.e6 Bxe6 49.Qe5 Qc7 0-1

[Event "zonal 1.6"]
[Site "Samara RUS"]
[Date "2000.06.22"]
[Round "6"]
[White "Meister, Yakov"]
[Black "Voitsekhovsky, Stanislav"]
[Result "1-0"]
[WhiteElo "2473"]
[BlackElo "2546"]
[EventDate "2000.06.03"]
[PlyCount "67"]

1.e4 c5 2.Nc3 e6 3.f4 Nc6 4.Nf3 Nge7 5.b3 d5 6.Bb2 dxe4 7.Nxe4 Nf5 8.Bb5 
Bd7 9.Qe2 Be7 10.O-O-O Nfd4 11.Nxd4 Nxd4 12.Bxd7+ Qxd7 13.Qf2 b6 14.g4 a5 
15.f5 a4 16.Rde1 axb3 17.axb3 Ra5 18.f6 Bxf6 19.Nxf6+ gxf6 20.Qxf6 Rg8 21.
Re4 Qe7 22.Qf4 Nc6 23.Rf1 Rg6 24.h4 Qa7 25.d3 Nb4 26.h5 Rg8 27.Kd2 Ra2 28.
Qe5 Qd7 29.Kc1 Nc6 30.Qf4 Qe7 31.Kb1 Ra7 32.Qh6 Qg5 33.Qxh7 Rd7 34.Bf6 1-0